000 01324nam a2200301Ia 4500
001 79759
003 IT-RoPAU
008 130308s9999 xx 000 0 und d
040 _aIT-RoPAU
040 _cIT-RoPAU
041 _aFRANCESE
100 _aGreimas Algirdas Julien
100 _gCodice Aut. SPICS: 5822
245 _aMaupassant-La semiotique du texte: exercices pratiques
245 _bMaupassant-La Semiotique Du Texte: Exercices Pratiques
250 _a2a ed.
260 _aPARIS
260 _bSeuil
260 _c1985 [1° Ed.:1976 - Ed.Ling.Originale:1976]
300 _a"288 p. (prefazione: no ; testo: 288 [pagine: 0-0])"
500 _aSemiotica del testo Esercizi pratici Organizzazione Testuale Frase sequenza e suo Contesto Organizzazione Interna della sequenza Fare Euforico Universo Figurativo dei Valori Ricostituzione dell'Attante Competenza del Soggetto Spazio Familiare Spazio topico Costruzione Dello Spazio cognitivo Morte e Libertà Dimensione Pragmatica Dimensione Cognitiva Reinterpretazione Discorso al Secondo grado programma Narrativo dell'Anti Soggetto e del Soggettoeconomia della sequenza gli Addii Trasfigurazione chiusura del Racconto
650 _aSEMIOLOGIA
650 _eCodice materia Spics: 3251
942 _cBK
957 _71
999 _c66074
_d66074
999 _bSI
999 _g1